Statistics for Evropských Vlajek s Třemi Pruhy

Click here to take the quiz!

General Stats

  • This quiz has been taken 1 058 times
  • The average score is 13 of 15

Answer Stats

země% Correct
Francie
99%
Itálie
97%
Německo
95%
Belgie
93%
Estonsko
91%
Rusko
91%
Irsko
90%
Rakousko
89%
Rumunsko
85%
Litva
84%
Lotyšsko
84%
Nizozemsko
84%
Bulharsko
80%
Lucembursko
72%
Maďarsko
70%

Score Distribution

Percentile by Number Answered

Percent of People with Each Score

Your Score History

You have not taken this quiz